MARC

LEADER 00000nam0a2200000 4500
001 36155
005 20231101210343.0
035 |a (RuTPU)RU\TPU\book\36624 
035 |a BOOK00003276 
090 |a 36155 
100 |a 20011210d1987 m y0rusy50 ca 
101 0 |a rus 
102 |a RU 
105 |a a j 001zy 
200 1 |a Примеры и задачи по технологии нефтехимического синтеза  |e учебное пособие  |f С. В. Адельсон, П. С. Белов 
210 |a Москва  |c Химия  |d 1987 
215 |a 192 с. 
225 1 |a Для высшей школы 
320 |a Библиогр.: с. 191 
606 1 |a Нефтехимический синтез  |2 stltpush  |3 (RuTPU)RU\TPU\subj\72455  |9 85966 
610 1 |a химия 
610 1 |a технология 
610 1 |a примеры 
610 1 |a задачи 
610 1 |a расчеты 
610 1 |a учебные пособия 
610 1 |a библиотека А. Г. Стромберга 
675 |a 665.652.7(075.8)  |v 3 
700 1 |a Адельсон  |b С. В.  |g Софья Валерьяновна 
701 1 |a Белов  |b П. С.  |g Петр Степанович 
801 0 |a RU  |b 63413507  |c 20011210  |g PSBO 
801 2 |a RU  |b 63413507  |c 20181101  |g PSBO 
900 |a Химия и технология органических веществ 
900 |a Химия и технология основного органического и нефтехимического синтеза 
942 |c BK